[Event "34th Chess Olympiad (men)"]
[Site "Istanbul"]
[Date "2000.11.07"]
[Round "10.44.2"]
[White "Al-Sayed, Mohammed"]
[Black "Van Der Nat, Nicholas"]
[WhiteElo "2370"]
[BlackElo "2116"]
[WhiteCountry "QAT"]
[BlackCountry "RSA"]
[Result "1-0"]

1. e4 c5 2. Nf3 e6 3. d4 cxd4 4. Nxd4 a6 5. Bd3 Qc7 6. O-O Nc6 7. Nxc6 bxc6 
8. f4 d5 9. Kh1 Nf6 10. e5 Nd7 11. Be3 Bb7 12. c4 c5 13. Nd2 Be7 14. Rc1 d4 
15. Bg1 f5 16. exf6 Nxf6 17. Qe2 O-O-O 18. b4 h5 19. bxc5 Bxc5 20. Rb1 Rd6 
21. Ne4 h4 22. Nxd6+ Qxd6 23. h3 Nh5 24. Bh2 Ng3+ 25. Bxg3 hxg3 26. Be4 Bc6 
27. Rf3 Rh4 28. Rxg3 Rxf4 29. Bxc6 Qxc6 30. Qe5 Qd6 31. Qxg7 Bb6 32. c5 Qxc5 
33. Qg8+ Kd7 34. Rg7+ Kd6 35. Re1 Rf6 36. Rg5 Qc4 37. Qb8+ Bc7 38. Qb1 a5 
39. Rc1 Qe2 40. Rgc5 Rf1+ 41. Rxf1 Kxc5 42. Rc1+ Kd6 43. Qb7 Bd8 44. Qc8 Bg5 
45. Qc5+ 
1-0

[Event "34th Chess Olympiad (men)"]
[Site "Istanbul"]
[Date "2000.11.07"]
[Round "10.44.3"]
[White "Kromhout, Ewan"]
[Black "Abdulgha Four, Yousef"]
[WhiteElo "2000"]
[BlackElo "2052"]
[WhiteCountry "RSA"]
[BlackCountry "QAT"]
[Result "1/2-1/2"]

1. d4 d5 2. c4 e6 3. Nc3 Be7 4. Nf3 Nf6 5. cxd5 exd5 6. Bg5 c6 7. Qc2 g6 
8. e3 Bf5 9. Bd3 Bxd3 10. Qxd3 Nbd7 11. O-O-O Nh5 12. Bh6 Nhf6 13. h3 Bb4 
1/2-1/2

[Event "34th Chess Olympiad (men)"]
[Site "Istanbul"]
[Date "2000.11.07"]
[Round "10.44.4"]
[White "Nezad, Husein Aziz"]
[Black "Solomon, Maxwell"]
[WhiteElo "2066"]
[BlackElo "2000"]
[WhiteCountry "QAT"]
[BlackCountry "RSA"]
[Result "1-0"]

1. e4 c5 2. Nf3 d6 3. c3 Nf6 4. Bd3 e5 5. O-O Bg4 6. Re1 Be7 7. Bc2 Nc6 
8. d3 O-O 9. Nbd2 b5 10. Nf1 b4 11. Ba4 Na5 12. Ng3 bxc3 13. bxc3 Qc7 
14. h3 Be6 15. Nh2 d5 16. Bg5 dxe4 17. dxe4 Rfd8 18. Qf3 c4 19. Bc2 Ne8 
20. Bc1 Nb7 21. Nf5 Bf8 22. Ng4 f6 23. Nfe3 h5 24. Nh2 Qf7 25. Nd5 Bxd5 
26. exd5 Nbd6 27. Nf1 e4 28. Qe2 f5 29. Bg5 Rdc8 30. Ng3 g6 31. f3 exf3 
32. Qxf3 Nc7 33. Rad1 Re8 34. Ba4 Rxe1+ 35. Rxe1 Rb8 36. Bc6 Rb2 37. a4 a5 
38. Qf4 Qg7 39. Re3 Rc2 40. Bd8 Na6 41. Nxh5 Qh6 42. Nf6+ Kh8 43. Qd4 Bg7 
44. Re6 Qc1+ 45. Kh2 g5 46. Rxd6 Qf1 47. Qg1 Qf4+ 48. Kh1 Qxd6 49. Qd1 Rc1 
50. Qxc1 Qxd8 51. Ne8 Be5 52. Qe3 Qb8 53. Bb5 Kh7 54. Qxg5 Qc8 55. Qh5+ Kg8 
56. Qg6+ Kf8 57. d6 Qc5 58. Qxf5+ Kg8 59. Nf6+ Bxf6 60. Qxf6 Nb4 61. d7 
1-0

[Event "34th Chess Olympiad (men)"]
[Site "Istanbul"]
[Date "2000.11.07"]
[Round "10.45.1"]
[White "Watanabe, Akira"]
[Black "Roselli, Mailhe Bernardo"]
[WhiteElo "2374"]
[BlackElo "2400"]
[WhiteCountry "JPN"]
[BlackCountry "URU"]
[Result "1-0"]

1. d4 Nf6 2. c4 g6 3. Nc3 Bg7 4. e4 d6 5. Nf3 O-O 6. Be2 e5 7. O-O Nc6 
8. d5 Ne7 9. b4 Ne8 10. Nd2 f5 11. a4 Nf6 12. f3 f4 13. c5 g5 14. Nc4 Ng6 
15. Ba3 Rf7 16. b5 dxc5 17. Bxc5 h5 18. Kh1 g4 19. a5 g3 20. b6 Nh7 21. Re1 Qh4 
22. Bg1 Nf6 23. d6 c6 24. bxa7 Ng4 25. fxg4 hxg4 26. Nb6 f3 27. gxf3 g2+ 
28. Kxg2 Nf4+ 29. Kh1 g3 30. Bf1 Bh3 31. Ra2 Bxf1 32. Rxf1 Rxa7 33. d7 Bf6 
34. Ncd5 cxd5 35. Nxd5 Ra8 36. Nxf6+ Qxf6 37. hxg3 Ne6 38. Bb6 Qg5 39. Rg2 Raf8 
40. Kg1 Rh7 41. Qd5 
1-0

[Event "34th Chess Olympiad (men)"]
[Site "Istanbul"]
[Date "2000.11.07"]
[Round "10.45.2"]
[White "Crosa, Martin"]
[Black "Nakamura, Ryuji"]
[WhiteElo "2242"]
[BlackElo "2127"]
[WhiteCountry "URU"]
[BlackCountry "JPN"]
[Result "1/2-1/2"]

1. e4 c5 2. Nf3 Nc6 3. d4 cxd4 4. Nxd4 Nf6 5. Nc3 e5 6. Ndb5 d6 7. Bg5 a6 
8. Na3 b5 9. Nd5 Be7 10. Bxf6 Bxf6 11. c3 Ne7 12. Nxf6+ gxf6 13. Qd2 Bb7 
14. O-O-O d5 15. exd5 Bxd5 16. Nxb5 Qb6 17. Na3 O-O 18. Bc4 Rfd8 19. h4 Bf3 
20. gxf3 Rxd2 21. Rxd2 Rd8 22. Bd3 Ng6 23. Nc4 Qc5 24. Ne3 Qa5 25. Rhd1 e4 
26. fxe4 Ne5 27. Be2 Rxd2 28. Rxd2 h6 29. a3 Qb6 30. Rd4 Ng6 31. Nf5 Nf4 
32. Bc4 Ne6 33. Rd2 h5 34. Kc2 a5 35. b4 axb4 36. axb4 Qc7 37. Nd6 Kh7 
38. Bb5 Nf8 39. Be8 Qa7 40. Bxf7 Qa4+ 41. Bb3 Qa7 42. Kb2 Ng6 43. Bc2 Ne5 
44. Bd1 Kg6 45. Be2 Qb6 46. Nc4 Nxc4+ 47. Bxc4 Qc7 48. Bd5 Qf4 49. Rc2 Qxh4 
50. b5 Qf4 51. b6 h4 52. b7 h3 53. e5 Qxe5 54. Rc1 h2 55. Rd1 Qe2+ 56. Kc1 Qe5 
57. Kc2 Qf5+ 58. Kb3 Qxd5+ 59. Rxd5 h1=Q 60. Rb5 Qd1+ 61. Kb4 Qb1+ 62. Ka5 Qa2+ 
63. Kb4 Qb2+ 64. Kc4 Qe2+ 65. Kb4 Qb2+ 66. Kc4 Qe2+ 67. Kc5 Qxf2+ 68. Kc6 Qf3+ 
69. Kb6 Qf2+ 70. Ka6 Qa2+ 71. Ra5 Qc4+ 72. Kb6 Qe6+ 73. Ka7 Qe3+ 74. Ka6 Qe6+ 
75. Kb5 Qd5+ 76. Kb6 Qd8+ 77. Ka6 Qd3+ 78. Kb6 Qd8+ 79. Ka6 Qd3+ 80. Rb5 Qd6+ 
81. Ka7 Qa3+ 82. Kb6 Qd6+ 83. Ka7 Qa3+ 
1/2-1/2

[Event "34th Chess Olympiad (men)"]
[Site "Istanbul"]
[Date "2000.11.07"]
[Round "10.45.3"]
[White "Sasaki, Katsumi"]
[Black "Carvalho, Guillermo"]
[WhiteElo "2171"]
[BlackElo "2172"]
[WhiteCountry "JPN"]
[BlackCountry "URU"]
[Result "0-1"]

1. e4 e5 2. Nf3 Nc6 3. d4 exd4 4. Nxd4 Nf6 5. Nxc6 bxc6 6. Bd3 d6 7. O-O Be7 
8. b3 O-O 9. Bb2 Ng4 10. Be2 Bf6 11. Nc3 Ne5 12. f4 Ng6 13. Bd3 Bd4+ 
14. Kh1 Qh4 15. Qd2 c5 16. Rae1 Bb7 17. Bc1 Rae8 18. Nb5 Qd8 19. Nxd4 cxd4 
20. Qb4 Qa8 21. Qxd4 f5 22. Bc4+ Kh8 23. Bb2 Re7 24. Bd5 c5 25. Bxb7 Qxb7 
26. Qxd6 fxe4 27. f5 Ref7 28. Qxc5 Kg8 29. Qc4 Rc8 30. Qe2 Nf8 31. c4 Re8 
32. Rf4 Ng6 33. Rxe4 Rxe4 34. Qxe4 Re7 35. Qxe7 Nxe7 36. f6 gxf6 37. Bxf6 Ng6 
38. h4 Qb6 39. Bg5 Qf2 40. Re8+ Kf7 
0-1

[Event "34th Chess Olympiad (men)"]
[Site "Istanbul"]
[Date "2000.11.07"]
[Round "10.45.4"]
[White "Muniz, Rafael"]
[Black "Misaka, Susumu"]
[WhiteElo "2131"]
[BlackElo "2000"]
[WhiteCountry "URU"]
[BlackCountry "JPN"]
[Result "1/2-1/2"]

1. e4 e6 2. d4 d5 3. Nc3 Bb4 4. e5 c5 5. a3 Bxc3+ 6. bxc3 Ne7 7. Qg4 O-O 
8. Nf3 Nbc6 9. Bd3 f5 10. exf6 Rxf6 11. Bg5 e5 12. Qg3 Rxf3 13. gxf3 c4 
14. Be2 exd4 15. O-O Bf5 16. Rfe1 Bxc2 17. cxd4 Nf5 18. Qg4 Qf8 19. Be3 Qf6 
20. Kh1 Nfxd4 21. Rac1 Bf5 22. Qg3 Nb3 23. Rcd1 Qf7 24. Rg1 Bg6 25. h4 Rd8 
26. f4 Be4+ 27. Kh2 c3 28. f3 Bg6 29. h5 Bf5 30. Qg5 Re8 31. Bd3 Bxd3 
32. Rxd3 d4 33. Bf2 Re2 34. Kg3 h6 35. Qg4 Nc5 36. Rdd1 c2 37. Rde1 Rxe1 
38. Rxe1 Nd3 39. Qc8+ Kh7 40. Re8 Qxf4+ 41. Kg2 Qg5+ 42. Bg3 Nf4+ 43. Kf2 Nh3+ 
1/2-1/2

[Event "34th Chess Olympiad (men)"]
[Site "Istanbul"]
[Date "2000.11.07"]
[Round "10.46.1"]
[White "Bouaziz, Slim"]
[Black "Guillen, Ramirez Jose Antonio"]
[WhiteElo "2383"]
[BlackElo "2281"]
[WhiteCountry "TUN"]
[BlackCountry "HON"]
[Result "1/2-1/2"]

1. d4 e6 2. c4 f5 3. Nf3 Nf6 4. g3 c6 5. Bg2 d5 6. b3 Bd6 7. O-O Qe7 8. Bb2 O-O 
9. Ne5 Bd7 10. Qc1 Be8 11. Ba3 Nbd7 12. Bxd6 Qxd6 13. Qe3 Qc7 14. Nd3 Bf7 
15. cxd5 exd5 16. Nc3 Rae8 17. Qc1 Ne4 18. Na4 Qd6 19. f3 Nef6 20. Re1 Re7 
21. Qf4 Qxf4 22. gxf4 Ne8 23. Rac1 Nd6 24. Kf2 Rfe8 25. e3 Nb5 26. Bf1 h6 
27. Ne5 Nxe5 28. fxe5 Nc7 29. f4 Be6 30. Bd3 Bc8 31. h4 Ne6 32. Rg1 Nf8 
33. b4 a6 34. Rb1 Rc7 35. Nc3 Be6 36. a4 Ra8 37. Ne2 Rac8 38. Ng3 Rf7 
39. Rgc1 Ng6 40. h5 Ne7 41. b5 axb5 42. axb5 Rc7 43. bxc6 bxc6 44. Rb8+ Rf8 
1/2-1/2

[Event "34th Chess Olympiad (men)"]
[Site "Istanbul"]
[Date "2000.11.07"]
[Round "10.46.2"]
[White "Medina Colindres, Javier"]
[Black "Doghri, Nabil"]
[WhiteElo "2000"]
[BlackElo "2342"]
[WhiteCountry "HON"]
[BlackCountry "TUN"]
[Result "0-1"]

1. Nf3 Nf6 2. g3 g6 3. Bg2 Bg7 4. O-O O-O 5. d4 d6 6. b3 Nc6 7. Bb2 e5 8. e3 e4 
9. Nfd2 Re8 10. h3 h5 11. c4 Bf5 12. a3 Qd7 13. Kh2 Nd8 14. Nc3 c6 15. Rc1 d5 
16. Qe2 Ne6 17. cxd5 cxd5 18. Qb5 Qd6 19. Na4 h4 20. Rfe1 hxg3+ 21. fxg3 Nh5 
22. Nf1 Bf6 23. Qb4 Qb8 24. Nc3 Bh4 25. Ne2 Be7 26. Qa5 Nf6 27. Kg1 g5 
28. g4 Bg6 29. Rc2 Bd8 30. Qd2 Bc7 31. Rec1 Bd6 32. Qe1 Kg7 33. Nfg3 Rh8 
34. Qf2 Nf4 35. Rf1 Nxg4 36. hxg4 Nxe2+ 37. Rxe2 Bxg3 38. Qf6+ Kg8 39. Rc1 Qd8 
40. Qxd8+ Rxd8 41. Bf1 Bd6 42. Bc3 Rh4 43. Rg2 Rh3 44. Bd2 Kg7 45. a4 Rdh8 
46. Kf2 Rf3+ 47. Kg1 Rfh3 48. Kf2 Rh2 49. a5 a6 50. b4 f5 51. gxf5 Bxf5 
52. Kg1 Kg6 53. Rxh2 Bxh2+ 54. Kf2 Bg4 55. Be2 Be6 56. Rh1 g4 57. Bf1 g3+ 
58. Ke1 Bg4 59. Bg2 Bf3 60. Kf1 Rc8 
0-1

[Event "34th Chess Olympiad (men)"]
[Site "Istanbul"]
[Date "2000.11.07"]
[Round "10.46.3"]
[White "Bejaoui, Anis"]
[Black "Villanueva Marcio, Marcio"]
[WhiteElo "2124"]
[BlackElo "2000"]
[WhiteCountry "TUN"]
[BlackCountry "HON"]
[Result "1-0"]

1. e4 c5 2. Nf3 Nc6 3. d4 cxd4 4. Nxd4 e5 5. Nb5 d6 6. N1c3 a6 7. Na3 Nf6 
8. Bg5 Be7 9. Bxf6 Bxf6 10. Nc4 Nd4 11. Nd5 O-O 12. c3 Bg4 13. Qxg4 Nc2+ 
14. Kd2 Nxa1 15. Bd3 b5 16. Nce3 Bg5 17. Rxa1 Bxe3+ 18. Nxe3 b4 19. c4 Qb6 
20. Ke2 Qd4 21. Rb1 g6 22. Nf5 Qc5 23. h4 Kh8 24. Ne3 Ra7 25. h5 Qd4 26. f3 a5 
27. Qg5 f6 28. Qh6 Rg7 29. hxg6 Rfg8 30. Nf5 Rxg6 31. Qxh7+ 
1-0

[Event "34th Chess Olympiad (men)"]
[Site "Istanbul"]
[Date "2000.11.07"]
[Round "10.46.4"]
[White "Hernandez Lagos, Hector"]
[Black "Bouhlel, Mohamed"]
[WhiteElo "2000"]
[BlackElo "2000"]
[WhiteCountry "HON"]
[BlackCountry "TUN"]
[Result "0-1"]

1. c4 e5 2. Nc3 Nc6 3. g3 g6 4. Bg2 Bg7 5. Nf3 Nf6 6. O-O O-O 7. d4 exd4 
8. Nxd4 Nxd4 9. Qxd4 d6 10. Qd3 Re8 11. Re1 Nd7 12. b3 Nc5 13. Qc2 Bf5 
14. Qd2 Ne4 15. Bxe4 Bxe4 16. Bb2 h5 17. f3 Bc6 18. e4 Qf6 19. Qd3 h4 
20. Kg2 Qg5 21. Rad1 hxg3 22. Bc1 Qe5 23. Ne2 gxh2 24. Bf4 Qf6 25. Rh1 g5 
26. Bxh2 g4 27. Ng3 gxf3+ 28. Kf2 Qb2+ 29. Rd2 Qc3 30. Kxf3 f5 31. Qxc3 fxe4+ 
32. Ke3 Bxc3 33. Rg2 Kf7 34. Ne2 Bd2+ 35. Kd4 Rg8 36. Rf2+ Ke7 37. Bf4 Raf8 
38. Rh7+ Kd8 39. Bg3 Rf3 40. Bh4+ Kc8 41. Rxf3 exf3 42. Nc3 Rf8 43. Bf2 Rg8 
44. Nd1 Rg4+ 45. Kd3 Be4+ 46. Kxd2 Bxh7 47. Ke3 Rg5 48. Nc3 Rf5 49. Bg3 Bg6 
50. Nd5 Rf7 51. Nc3 Bh5 52. Nd5 f2 53. Bxf2 Rf3+ 54. Ke2 Rxb3+ 55. Ke1 Rb1+ 
0-1

[Event "34th Chess Olympiad (men)"]
[Site "Istanbul"]
[Date "2000.11.07"]
[Round "10.47.1"]
[White "Opio, Steven"]
[Black "Faraj, Yahya"]
[WhiteElo "2185"]
[BlackElo "2265"]
[WhiteCountry "UGA"]
[BlackCountry "YEM"]
[Result "1/2-1/2"]

1. d4 Nf6 2. c4 c5 3. Nf3 g6 4. Nc3 Bg7 5. e4 cxd4 6. Nxd4 d6 7. Be2 O-O 
8. O-O Nc6 9. Be3 Nd7 10. Qd2 Nc5 11. f3 Bd7 12. Rab1 Rc8 13. Nd5 Re8 
14. b4 Ne6 15. Nb3 b6 16. Rbc1 Rf8 17. b5 Nb8 18. a4 Nc5 19. Nxc5 dxc5 
20. Rcd1 e6 21. Nf4 Qc7 22. Nh3 Rfd8 23. Qe1 e5 24. g4 f6 25. f4 Be6 
26. Qg3 Rxd1 27. Rxd1 Rd8 28. Rxd8+ Qxd8 29. fxe5 fxe5 30. Ng5 Bc8 31. Nf3 Nd7 
32. g5 Bb7 33. Nd2 Nf8 34. Bg4 Qd3 35. Qf3 Qd8 36. h4 Bc8 37. Kf2 Be6 
38. Ke2 Qd7 39. Bxe6+ Nxe6 40. Qf2 Qb7 41. Qf1 Qd7 42. Qf2 Qb7 43. Qf1 Qd7 
1/2-1/2

[Event "34th Chess Olympiad (men)"]
[Site "Istanbul"]
[Date "2000.11.07"]
[Round "10.47.2"]
[White "Al Badani, Abdo"]
[Black "Bibasa, Bob"]
[WhiteElo "2000"]
[BlackElo "2226"]
[WhiteCountry "YEM"]
[BlackCountry "UGA"]
[Result "1/2-1/2"]

1. e4 c5 2. Nc3 Nc6 3. f4 e6 4. Bc4 Nge7 5. e5 d5 6. exd6 Qxd6 7. Nf3 Nd5 
8. O-O Be7 9. Ne4 Qc7 10. Nfg5 O-O 11. f5 Bxg5 12. Nxg5 h6 13. fxe6 Bxe6 
14. Nxe6 fxe6 15. d3 Rxf1+ 16. Qxf1 Qe5 17. c3 Rf8 18. Qd1 Qf5 19. Qe2 Ne5 
20. Be3 Nxe3 21. Qxe3 Nxc4 22. dxc4 b6 23. Re1 Rf6 24. h3 Kh7 25. Rd1 Rg6 
26. Rd2 e5 27. a3 Re6 28. b4 Qb1+ 29. Kh2 e4 30. Rf2 Qd1 31. Re2 Qd6+ 
32. Qg3 Qxg3+ 33. Kxg3 g5 34. Kf2 Kg6 35. Ke3 Rc6 36. b5 Rd6 37. Kxe4 Rd1 
38. Ra2 Kf6 39. a4 Ke6 40. a5 h5 41. axb6 axb6 42. Ra6 Rd6 43. Ra8 h4 
44. Rb8 Kd7 45. Rb7+ Ke6 46. Ke3 Kf5 47. Rf7+ Kg6 48. Rc7 Re6+ 49. Kf3 Rf6+ 
50. Ke3 Re6+ 51. Kd3 Rd6+ 52. Kc2 Kf5 53. Rc6 Ke5 54. Rc8 Kf4 55. Rc6 Ke5 
56. Rc7 Kf4 57. Rc8 Ke4 58. Rc7 Kf4 59. Rc6 Ke5 60. Rxd6 Kxd6 61. Kd3 Ke7 
62. Ke2 Kf6 63. Kf3 Kf5 64. g3 hxg3 65. Kxg3 Kf6 66. Kf2 Kf7 67. Ke2 Ke7 
68. Kd3 Kd6 69. Ke4 Ke6 70. Kf3 Kf5 71. Kg3 Kf6 72. Kf2 Kf7 73. Kg3 Kf6 
74. Kg2 Kg6 75. Kh2 Kf5 76. Kg3 Kf6 77. Kf2 Kf5 78. Ke3 Ke5 79. Kf3 Kf5 
80. Kg3 Kf6 81. Kg4 Kg6 82. Kg3 Kf6 
1/2-1/2

[Event "34th Chess Olympiad (men)"]
[Site "Istanbul"]
[Date "2000.11.07"]
[Round "10.47.3"]
[White "Kakooza, Kenneth"]
[Black "Al Kadhi, Hameed"]
[WhiteElo "2200"]
[BlackElo "2335"]
[WhiteCountry "UGA"]
[BlackCountry "YEM"]
[Result "0-1"]

1. d4 d5 2. c4 c6 3. Nc3 dxc4 4. a4 e5 5. Nf3 exd4 6. Qxd4 Qxd4 7. Nxd4 Bc5 
8. Nc2 Be6 9. Ne4 Be7 10. Nd2 Na6 11. e4 Nb4 12. Ne3 Bc5 13. Ndxc4 Bxc4 
14. Bxc4 Bxe3 15. Bxe3 Nc2+ 16. Ke2 Nxa1 17. Rxa1 Nf6 18. f3 O-O 19. g4 a6 
20. a5 Nd7 21. Ra3 Ne5 22. Ba2 Rad8 23. Bb6 Rd7 24. Rc3 Re8 25. Bb3 h6 
26. h4 Ng6 27. h5 Nf4+ 28. Ke3 Nd5+ 29. Bxd5 cxd5 30. Rd3 Ree7 31. Rc3 dxe4 
32. fxe4 Rd1 33. Rc4 Rb1 34. b4 Re5 35. Bc7 Re6 36. Bb6 Rg1 37. Kf4 Rf6+ 
38. Ke5 Rxg4 39. Kd5 Re6 40. Rc8+ Kh7 41. Rc7 Rgxe4 42. Rxf7 R4e5+ 43. Kd4 Re7 
44. Rxe7 Rxe7 45. Kd5 g5 46. hxg6+ Kxg6 47. Kd6 Rf7 48. Bd8 Kf5 49. Kc5 h5 
50. Kb6 Rd7 51. Bc7 h4 52. Kxb7 h3 53. Kb6 Rxc7 54. Kxc7 h2 55. Kb6 h1=Q 
56. Kxa6 Qc6+ 57. Ka7 Qb5 58. a6 Ke6 59. Ka8 Qxa6+ 
0-1

[Event "34th Chess Olympiad (men)"]
[Site "Istanbul"]
[Date "2000.11.07"]
[Round "10.47.4"]
[White "Al-Zendani, Zendan"]
[Black "Kawuma, Stevan"]
[WhiteElo "2224"]
[BlackElo "2020"]
[WhiteCountry "YEM"]
[BlackCountry "UGA"]
[Result "1-0"]

1. e4 c5 2. Nf3 Nc6 3. d4 cxd4 4. Nxd4 Nf6 5. Nc3 e5 6. Ndb5 d6 7. Nd5 Nxd5 
8. exd5 Ne7 9. c3 Nf5 10. Bd3 a6 11. Na3 g6 12. Nc4 Bg7 13. O-O O-O 14. a4 Nh6 
15. f4 f6 16. Qb3 Qe7 17. Qb4 Nf7 18. b3 Rb8 19. Ba3 Rd8 20. fxe5 fxe5 
21. Ra2 Bf8 22. Raf2 Nh6 23. Nxe5 Qxe5 24. Rxf8+ Rxf8 25. Rxf8+ Kxf8 
26. Qxd6+ Qxd6 27. Bxd6+ Ke8 28. Bxb8 Bg4 29. a5 Nf5 30. Kf2 Ne7 31. c4 Bd1 
32. b4 Kd7 33. Be5 Bb3 34. g4 Ba2 35. Ke3 Bb3 36. Kd4 Bd1 37. g5 Bf3 
38. Bf6 Nc8 39. c5 Bg2 40. b5 axb5 41. Bxb5+ Kc7 42. d6+ Nxd6 43. Be5 Kc8 
44. cxd6 Bh3 45. Bf6 Bg4 46. h4 Bh3 47. Ke5 Bf5 48. h5 Bg4 49. h6 Bh3 50. Bc4 
1-0

[Event "34th Chess Olympiad (men)"]
[Site "Istanbul"]
[Date "2000.11.07"]
[Round "10.48.1"]
[White "Pitterson, Jomo"]
[Black "Dos Ramos, Carlos"]
[WhiteElo "2262"]
[BlackElo "2000"]
[WhiteCountry "JAM"]
[BlackCountry "SUR"]
[Result "1-0"]

1. d4 Nf6 2. c4 g6 3. Nc3 Bg7 4. e4 d6 5. f4 Bg4 6. Be2 Bxe2 7. Qxe2 e5 
8. fxe5 dxe5 9. d5 a6 10. Nf3 Qd6 11. O-O O-O 12. Kh1 Nbd7 13. Be3 Ng4 
14. Bg1 b6 15. a3 Ndf6 16. b4 Qd7 17. c5 bxc5 18. bxc5 Nh5 19. Qc4 Nf4 
20. c6 Qc8 21. Rab1 Nf6 22. Nxe5 N6h5 23. Nd7 Qd8 24. Ne2 Qg5 25. Nxf4 Nxf4 
26. Rxf4 Qxf4 27. Rf1 Qd6 28. Bc5 
1-0

[Event "34th Chess Olympiad (men)"]
[Site "Istanbul"]
[Date "2000.11.07"]
[Round "10.48.2"]
[White "Siban, Michael"]
[Black "Elliott, Warren"]
[WhiteElo "2000"]
[BlackElo "2196"]
[WhiteCountry "SUR"]
[BlackCountry "JAM"]
[Result "0-1"]

1. d4 Nf6 2. c4 c5 3. d5 b5 4. cxb5 a6 5. b6 d6 6. Nc3 Nbd7 7. Nf3 g6 8. e4 Bg7 
9. Be2 O-O 10. O-O Qxb6 11. Nd2 Qb7 12. Nc4 Nb6 13. Qc2 Nxc4 14. Bxc4 Qb4 
15. Be2 Rb8 16. a3 Qb7 17. f3 e6 18. Bc4 e5 19. Rb1 Nh5 20. b4 cxb4 
21. Rxb4 Qc7 22. Rxb8 Qxb8 23. Be3 f5 24. Rb1 Qc7 25. Qb3 f4 26. Bf2 g5 
27. Be2 Nf6 28. Na2 g4 29. Rc1 Qe7 30. Nb4 g3 31. hxg3 fxg3 32. Bxg3 Nh5 
33. Bh2 Bh6 34. Rc2 Qh4 35. Qc3 Be3+ 36. Qxe3 Qe1+ 
0-1

[Event "34th Chess Olympiad (men)"]
[Site "Istanbul"]
[Date "2000.11.07"]
[Round "10.48.3"]
[White "Rowe, Duane"]
[Black "Matoewi, Roger"]
[WhiteElo "2000"]
[BlackElo "2000"]
[WhiteCountry "JAM"]
[BlackCountry "SUR"]
[Result "1/2-1/2"]

1. e4 c5 2. Nf3 d6 3. d4 cxd4 4. Nxd4 Nf6 5. Nc3 a6 6. Bc4 g6 7. f3 Bg7 
8. Be3 Nc6 9. Qd2 O-O 10. O-O-O Bd7 11. h4 h5 12. Kb1 Ne5 13. Bb3 Rc8 
14. Bh6 Nc4 15. Bxc4 Rxc4 16. Bxg7 Kxg7 17. Nd5 e5 18. Nb3 Nxd5 19. Qxd5 Rc6 
20. Na5 Rc5 21. Qxd6 Qxa5 22. Qxd7 Rfc8 23. Rd2 R8c7 24. Qd8 Qa4 25. b3 Qb4 
26. Rc1 Rc8 27. Qg5 Qa3 28. Rd5 Rxd5 29. exd5 Qd6 30. c4 b6 31. Qe3 a5 
32. Re1 Re8 33. f4 f6 34. g3 Kf7 35. f5 Kg7 36. Rf1 gxf5 37. Rxf5 Rh8 
38. Qf3 Kg6 39. g4 hxg4 40. Qxg4+ Kf7 41. Rh5 Rxh5 42. Qxh5+ Kg7 43. Qg4+ Kf8 
44. h5 Qb4 45. h6 Qe1+ 46. Kc2 Qf2+ 47. Kd3 Qf1+ 48. Ke4 Qb1+ 49. Kf3 Qd1+ 
50. Kg3 Qg1+ 51. Kh4 Qh2+ 
1/2-1/2

[Event "34th Chess Olympiad (men)"]
[Site "Istanbul"]
[Date "2000.11.07"]
[Round "10.48.4"]
[White "Treu, Auke"]
[Black "Milicevic, Slobodan"]
[WhiteElo "2000"]
[BlackElo "2000"]
[WhiteCountry "SUR"]
[BlackCountry "JAM"]
[Result "1-0"]

1. e4 e5 2. Nf3 Nc6 3. Bc4 Nf6 4. Ng5 d5 5. exd5 Na5 6. Bb5+ c6 7. dxc6 bxc6 
8. Qf3 Bb7 9. Bd3 Be7 10. Nc3 O-O 11. a3 h6 12. Nge4 c5 13. Nxf6+ Bxf6 
14. Be4 Bxe4 15. Nxe4 Be7 16. Qf5 Nc6 17. c3 g6 18. Qh3 h5 19. O-O Qd5 
20. d3 Rad8 21. Bh6 Rfe8 22. Rad1 f5 23. c4 Qf7 24. Ng5 Bxg5 25. Bxg5 Rb8 
26. Be3 Nd4 27. Bxd4 exd4 28. Rd2 Rb3 29. Qf3 Reb8 30. Qc6 Rxb2 31. Rxb2 Rxb2 
32. Qxc5 Qd7 33. h3 Rb3 34. Re1 Kf7 35. Re5 Rxd3 36. Rd5 Rd1+ 37. Kh2 Qb7 
38. Rd8 Qe7 39. Qd5+ Kf6 40. Rd6+ Kg5 41. f4+ Kh6 42. Qg8 Qg7 43. Qd8 d3 
44. Rd7 Qxd7 45. Qxd7 d2 46. c5 a6 47. a4 h4 48. Qd8 Kg7 49. c6 Rc1 50. Qxd2 
1-0

[Event "34th Chess Olympiad (men)"]
[Site "Istanbul"]
[Date "2000.11.07"]
[Round "10.49.1"]
[White "Yung, Lau"]
[Black "Gwaze, Robert"]
[WhiteElo "2130"]
[BlackElo "2256"]
[WhiteCountry "HKG"]
[BlackCountry "ZIM"]
[Result "0-1"]

1. e4 c5 2. Nf3 e6 3. d4 cxd4 4. Nxd4 a6 5. Bd3 Qc7 6. O-O b5 7. Qe2 d6 
8. a4 b4 9. Bd2 e5 10. Nf3 Nc6 11. c3 Qb7 12. cxb4 Nxb4 13. Bc4 Be7 14. Nc3 Nf6 
15. Bg5 O-O 16. Bxf6 Bxf6 17. Rfd1 Qd7 18. Nd5 Nxd5 19. Bxd5 Rb8 20. Qd2 Rd8 
21. b3 Bb7 22. Rac1 Bxd5 23. Qxd5 Qb7 24. Rc6 Qxb3 25. Qxb3 Rxb3 26. Rxa6 Rb4 
27. g3 Be7 28. Ra7 Bf6 29. Ra6 h6 30. Rdxd6 Rxd6 31. Rxd6 Rxa4 32. Nd2 Bg5 
33. f3 Ra2 34. Nf1 h5 35. Rd5 f6 36. h4 Bh6 37. Rd3 Re2 38. Rb3 Bc1 39. Rc3 Bb2 
40. Rd3 Bc1 41. Rd1 Bh6 42. Rd3 Kf7 43. Rc3 Ke6 44. Rc6+ Kf7 45. Rc3 Kg6 
46. Rc6 Kh7 47. Rc3 g5 48. hxg5 Bxg5 49. Rc5 Kg6 50. Rc8 Ra2 51. Rg8+ Kh7 
52. Rc8 Kg7 53. Rc7+ Kg6 54. Rc8 Bh6 55. Rc3 Bg5 56. Ne3 Bxe3+ 57. Rxe3 Kg5 
58. Rb3 h4 59. gxh4+ Kxh4 60. Kf1 Kg3 61. Ke1 Kg2 62. Re3 Ra1+ 63. Ke2 Rf1 
64. Rb3 Rf2+ 65. Kd1 Rxf3 66. Rb6 Kf2 67. Kd2 Rf4 68. Kd3 Kf3 69. Re6 Kg4 
70. Ra6 Kg5 71. Ke3 Rh4 72. Rb6 Rh3+ 73. Ke2 Kf4 74. Rxf6+ Kxe4 75. Ra6 Rh2+ 
76. Ke1 Rb2 77. Ra3 Kf4 78. Ra7 Rh2 79. Ra3 e4 80. Ra7 Kf3 81. Rf7+ Ke3 
82. Kd1 Rd2+ 83. Ke1 Ra2 84. Kd1 Ra1+ 85. Kc2 Ke2 86. Rf8 e3 87. Rf7 Rf1 
88. Re7 Rf8 89. Rc7 Kf1 90. Rh7 e2 91. Rh1+ Kg2 
0-1

[Event "34th Chess Olympiad (men)"]
[Site "Istanbul"]
[Date "2000.11.07"]
[Round "10.49.2"]
[White "Mauwa, Tedmore"]
[Black "Chau, Sau Ming"]
[WhiteElo "2190"]
[BlackElo "2000"]
[WhiteCountry "ZIM"]
[BlackCountry "HKG"]
[Result "1-0"]

1. e4 e6 2. d4 d5 3. Nd2 Nf6 4. e5 Nfd7 5. Bd3 c5 6. c3 Nc6 7. Ne2 cxd4 
8. cxd4 Qb6 9. Nf3 f6 10. exf6 Nxf6 11. O-O Bd6 12. Bg5 O-O 13. Qb1 h6 
14. Be3 Nb4 15. Bg6 Bd7 16. a3 Nc6 17. Ne5 Qc7 18. f4 Ne7 19. Bd3 Nf5 
20. Bd2 Qb6 21. Bc3 Bb5 22. a4 Bxd3 23. Qxd3 Qd8 24. g4 Ne7 25. Ng3 Bxe5 
26. dxe5 Nh7 27. f5 Qd7 28. Rae1 Qxa4 29. f6 Nc6 30. Qg6 Rf7 31. fxg7 Rxf1+ 
32. Rxf1 Nd8 33. Nh5 Qd7 34. Rf8+ 
1-0

[Event "34th Chess Olympiad (men)"]
[Site "Istanbul"]
[Date "2000.11.07"]
[Round "10.49.3"]
[White "Chong, Chor"]
[Black "Mamombe, Kudzanai"]
[WhiteElo "2000"]
[BlackElo "2147"]
[WhiteCountry "HKG"]
[BlackCountry "ZIM"]
[Result "0-1"]

1. d4 d5 2. c4 c6 3. e3 Nf6 4. Nc3 Bf5 5. Nge2 e6 6. Ng3 Bg6 7. Bd3 dxc4 
8. Bxc4 h5 9. Bd3 h4 10. Bxg6 hxg3 11. Bxf7+ Kxf7 12. fxg3 Bd6 13. O-O Nbd7 
14. e4 e5 15. Qb3+ Ke7 16. Bg5 Qb6 17. Qc2 Qxd4+ 18. Kh1 Rh5 19. Rad1 Qc5 
20. Qd2 Rah8 21. h3 Qd4 22. Qc1 Qc4 23. Qd2 Qe6 24. h4 Bc5 25. Rf5 Bd4 
26. Ne2 Qc4 27. Nxd4 Qxd4 28. Qxd4 exd4 29. g4 Rxh4+ 30. Bxh4 Rxh4+ 31. Kg1 c5 
32. Rg5 Rxg4 33. Rxg4 Nxg4 34. b3 Ke6 35. g3 Ndf6 36. Re1 Ne3 37. Kf2 Nxe4+ 
38. Kf3 Ke5 39. Rh1 Nf5 40. g4 Ng5+ 41. Kf2 Ne3 42. Rh8 Nxg4+ 43. Ke2 b5 
44. Rc8 Ne6 45. Ra8 c4 46. bxc4 bxc4 47. Rxa7 c3 48. a4 Nf4+ 
0-1

[Event "34th Chess Olympiad (men)"]
[Site "Istanbul"]
[Date "2000.11.07"]
[Round "10.49.4"]
[White "Mangwengwende, John"]
[Black "Chan, Ping"]
[WhiteElo "2170"]
[BlackElo "2000"]
[WhiteCountry "ZIM"]
[BlackCountry "HKG"]
[Result "1/2-1/2"]

1. e4 e5 2. Nf3 Nf6 3. d4 exd4 4. e5 Ne4 5. Qxd4 d5 6. exd6 Nxd6 7. Bd3 Nc6 
8. Qf4 Be7 9. O-O Be6 10. Nc3 h6 11. Re1 Qd7 12. a3 a6 13. Bd2 g5 14. Qe3 O-O-O 
15. Nd4 Nxd4 16. Qxd4 Kb8 17. b4 Nc4 18. Qxd7 Rxd7 19. Ne4 Nxd2 20. Nxd2 Bf6 
21. Rad1 Bc3 22. Re2 Bg4 23. f3 Be6 24. Ne4 Bd4+ 25. Kh1 Rhd8 26. h3 Bb6 
27. Rde1 
1/2-1/2

[Event "34th Chess Olympiad (men)"]
[Site "Istanbul"]
[Date "2000.11.07"]
[Round "10.50.1"]
[White "Molla, Mekitew"]
[Black "Sosa, Luis"]
[WhiteElo "2000"]
[BlackElo "2166"]
[WhiteCountry "ETH"]
[BlackCountry "PUR"]
[Result "0-1"]

1. d4 Nf6 2. c4 c5 3. d5 b5 4. cxb5 a6 5. bxa6 g6 6. Nc3 Bxa6 7. Nf3 d6 
8. g3 Bg7 9. Bg2 Nbd7 10. O-O O-O 11. Re1 Qb6 12. e4 Ng4 13. Qc2 Rfb8 
14. Rb1 Nde5 15. Nxe5 Nxe5 16. Rd1 Qb4 17. Bg5 Bd3 18. Rxd3 Nxd3 19. Qxd3 Bxc3 
20. Bxe7 Be5 21. f4 c4 22. Qd1 Bxb2 23. Kh1 c3 24. e5 Qc4 25. Qc2 Ba3 
26. Rb3 Rxb3 27. axb3 Qd4 28. Be4 Bc5 29. Kg2 Qd2+ 30. Kf3 Qxc2 31. Bxc2 Ra2 
32. Bd3 c2 33. Bxc2 Rxc2 34. Ke4 Rc3 35. f5 Re3+ 36. Kf4 dxe5+ 37. Kg4 Bxe7 
38. f6 Bxf6 39. h4 Rxb3 40. d6 Rd3 41. h5 Rxd6 42. h6 Rd3 43. Kh3 Bg5 
0-1